L'importation d'un outil anglo-saxon dans une bureaucratie multiculturelle européenne : la Balanced Scorecard (notice n° 2224917)

détails MARC
000 -LEADER
fixed length control field 01098cam a2200157 4500500
005 - DATE AND TIME OF LATEST TRANSACTION
control field 20260426014332.0
041 ## - LANGUAGE CODE
Language code of text/sound track or separate title fre
042 ## - AUTHENTICATION CODE
Authentication code dc
100 10 - MAIN ENTRY--PERSONAL NAME
Personal name Hoppe, Dominique
Relator term author
245 00 - TITLE STATEMENT
Title L'importation d'un outil anglo-saxon dans une bureaucratie multiculturelle européenne : la Balanced Scorecard
260 ## - PUBLICATION, DISTRIBUTION, ETC.
Date of publication, distribution, etc. 2005.<br/>
500 ## - GENERAL NOTE
General note 86
520 ## - SUMMARY, ETC.
Summary, etc. RésuméL’auteur relate son expérience de conduite d’un processus de changement. À l’Office européen des brevets, l’usage du diagnostic sociologique a facilité l’appropriation d’une Balanced Scorecard, un outil de gestion issu d’une culture américaine. L’article présente les effets de l’adaptation de cet outil dans cette structure caractérisée par le multiculturalisme : le partage d’une culture d’entreprise renouvelée, une compréhension des finalités de l’organisme, un regard neuf sur le management…
786 0# - DATA SOURCE ENTRY
Note Sociologies pratiques | 10 | 1 | 2005-03-01 | p. 45-53 | 1235-9278
856 41 - ELECTRONIC LOCATION AND ACCESS
Uniform Resource Identifier <a href="https://shs.cairn.info/revue-sociologies-pratiques-2005-1-page-45?lang=fr&redirect-ssocas=7080">https://shs.cairn.info/revue-sociologies-pratiques-2005-1-page-45?lang=fr&redirect-ssocas=7080</a>

Pas d'exemplaire disponible.

PLUDOC

PLUDOC est la plateforme unique et centralisée de gestion des bibliothèques physiques et numériques de Guinée administré par le CEDUST. Elle est la plus grande base de données de ressources documentaires pour les Étudiants, Enseignants chercheurs et Chercheurs de Guinée.

Adresse

627 919 101/664 919 101

25 boulevard du commerce
Kaloum, Conakry, Guinée

Réseaux sociaux

Powered by Netsen Group @ 2025